000 00481nam a2200193Ia 4500
003 OSt
005 20221005122131.0
006 a|||||r|||| 00| 0
007 ta
008 221004b |||||||| |||| 00| 0 eng d
024 _a113302
037 _cTextual
040 _aCRL
_cCRL
_beng
041 _2eng
_aeng
100 _aVirgin Enke & Sallera
_9631541
245 0 _aInternational Economic 3erd ed
942 _cTEXL
_2cc
999 _c1043353
_d1043353